000 00620nam a22001817a 4500
003 BD-DhUL
005 20180510123807.0
008 180510s1955 bg ||||| |||| 00| 0 ben d
040 _aBD-DhUL
_cBD-DhUL
082 _a891.443
_bMAS
100 1 _aআহমদ, মবিনউদ-দীন
245 0 0 _aসুখচর /
_cমবিনউদ-দীন আহমদ
260 _aঢাকা :
_bমালিক লাইব্রেরী,
_c১৯৫৫।
300 _a১৮৩ পৃ. ;
_c১৯ সেমি.
650 4 _aবাংলা উপন্যাস
650 4 _aBengali fiction
942 _2ddc
_cBK
999 _c241201
_d241201